AH International Schools' Libraries

Delightfully different Dilly / (Record no. 49460)

MARC details
000 -LEADER
fixed length control field 00306nam a2200109 4500
020 ## - INTERNATIONAL STANDARD BOOK NUMBER
International Standard Book Number 9780711259607
100 ## - MAIN ENTRY--PERSONAL NAME
Personal name Dale, Elizabeth
9 (RLIN) 85945
245 ## - TITLE STATEMENT
Title Delightfully different Dilly /
Statement of responsibility, etc Elizabeth Dale 7 Liam Darcy
260 ## - PUBLICATION, DISTRIBUTION, ETC. (IMPRINT)
Place of publication, distribution, etc UK
Name of publisher, distributor, etc Happy Yak
Date of publication, distribution, etc 2021
300 ## - PHYSICAL DESCRIPTION
Extent unpaged.
Other physical details col. ill.
Dimensions 28 cm.
942 ## - ADDED ENTRY ELEMENTS (KOHA)
Source of classification or shelving scheme
Koha item type Book
Holdings
Withdrawn status Lost status Source of classification or shelving scheme Damaged status Not for loan Collection code Home library Current library Shelving location Date acquired Total Checkouts Full call number Barcode Date last seen Price effective from Koha item type
          TEACHERS' RESOURCES Asian Hope Primary Library Asian Hope Primary Library Non Fiction 08/29/2025   E DAL 209410 08/29/2025 08/29/2025 Book

For any Logos Library related questions please contact Miss Art at swongnarasuk@asianhope.org.

For any Asian Hope Library related questions please contact Miss Raza at graza@asianhope.org.

Click here to explore our ebooks!

Powered by Koha